02501nam a2200373 a 4500001001200000003000800012006001900020007001500039008004100054010001700095020003800112020003500150020002700185040002100212035002100233050002500254082001600279100003100295245019200326246005400518260007000572300001600642504005100658505087800709533015201587650007101739650005001810650005501860655002901915700002301944710001701967856012601984999001702110ebr10642501CaPaEBRm u cr cn|||||||||091002s2010 dcu sb 001 0 eng d z 2009038932 z9780813217222 (pbk. : alk. paper) z0813217229 (pbk. : alk. paper) z9780813218052 (e-book) aCaPaEBRcCaPaEBR a(OCoLC)82000989414aRG133.5b.R56 2010eb04a179.7/62221 aRhonheimer, Martin,d1950-10aEthics of procreation and the defense of human lifeh[electronic resource] :bcontraception, artificial fertilization, and abortion /cMartin Rhonheimer ; edited by William F. Murphy, Jr.14aEthics of procreation & the defense of human life aWashington, D.C. :bCatholic University of America Press,cc2010. axxi, 309 p. aIncludes bibliographical references and index.0 aNatural law and the thomistic roots of John Paul II's ethics of human life -- Sexuality and responsibility: contraception as an ethical problem -- The post-conciliar state of the question on contraception: the encyclical, relevant case, arguments, and description of contraception -- Toward an adequate argument in support of humanae vitae: the necessary integration of anthropology, action theory, virtue, and natural law -- The use of contraceptives under threat of rape: an exception? clarifying a central teaching of veritatis splendor -- Injustices regarding human life: reproductive technology and abortion -- The instrumentalization of human life: ethical considerations concerning reproductive technology -- Human fetuses, persons, and the right to abortion: toward an absolute power of the born? -- The legal defense of prenatal life in constitutional democracies. aElectronic reproduction.bPalo Alto, Calif. :cebrary,d2013.nAvailable via World Wide Web.nAccess may be limited to ebrary affiliated libraries. 0aHuman reproductive technologyxReligious aspectsxCatholic Church. 0aAbortionxReligious aspectsxCatholic Church. 0aContraceptionxReligious aspectsxCatholic Church. 7aElectronic books.2local1 aMurphy, William F.2 aebrary, Inc.40uhttp://site.ebrary.com/lib/rucke/Doc?id=10642501zAn electronic book accessible through the World Wide Web; click to view c43783d43783